Agricultural extension : | worldwide innovations / (Record no. 17409)
[ view plain ]
| 000 -LEADER | |
|---|---|
| fixed length control field | 00595cam a22001934a 4500 |
| 003 - CONTROL NUMBER IDENTIFIER | |
| control field | OSt |
| 008 - FIXED-LENGTH DATA ELEMENTS--GENERAL INFORMATION | |
| fixed length control field | 080822s2008 ii a b 000 0 eng |
| 020 ## - INTERNATIONAL STANDARD BOOK NUMBER | |
| ISBN | 9788189422967 |
| 020 ## - INTERNATIONAL STANDARD BOOK NUMBER | |
| ISBN | 8189422960 |
| 082 ## - DEWEY DECIMAL CLASSIFICATION NUMBER | |
| Classification number | 630.715 |
| Item number | SAR/AG |
| 245 00 - TITLE STATEMENT | |
| Title | Agricultural extension : |
| Remainder of title | worldwide innovations / |
| 260 ## - PUBLICATION, DISTRIBUTION, ETC. (IMPRINT) | |
| Place of publication | New Delhi : |
| Name of publisher | New India Pub. Agency, |
| Year of publication | 2008. |
| 300 ## - PHYSICAL DESCRIPTION | |
| Number of Pages | xiv, 417, [3] p. : |
| Other physical details | ill. ; |
| 520 ## - SUMMARY, ETC. | |
| Summary, etc | Contributed articles. |
| 650 #0 - SUBJECT ADDED ENTRY--TOPICAL TERM | |
| Topical Term | Agricultural extension work. |
| 700 1# - ADDED ENTRY--PERSONAL NAME | |
| Personal name | Saravanan, R., |
| 856 41 - ELECTRONIC LOCATION AND ACCESS | |
| Uniform Resource Identifier | <a href="http://www.loc.gov/catdir/toc/fy0905/2008325985.html">http://www.loc.gov/catdir/toc/fy0905/2008325985.html</a> |
| 942 ## - ADDED ENTRY ELEMENTS (KOHA) | |
| Koha item type | Books |
| Withdrawn status | Lost status | Damaged status | Home library | Current library | Shelving location | Date acquired | Cost, normal purchase price | Full call number | Accession Number | Koha item type |
|---|---|---|---|---|---|---|---|---|---|---|
| KAUAET | KAUAET | NAHEP-CAAST Project | 07/09/2021 | 1850.00 | 630.715 SAR/AG | 25993 | Books |
